000 00683cam a2200193 4500
001 WB3538-04
008 000000n1999 000 0 eng u
035 _a(Sirsi) u102797
245 _aPrime contracts.
260 _c1999
490 _aBuilding
_v264(8105) 24 September 1999, 7(1)
520 _aDisputes have arisen between contractors and the MOD over the MOD's use of prime contracts. The contentious issues include the checking of figures in bids and the timescale for payment of sub contractors.
650 _aPRIME CONTRACTORS
650 _aContracts
_96232
650 _aMINISTRY OF DEFENCE
650 _aProcurement-old
690 _aBUILT ENVIRONMENT
942 _n0
999 _c61772
_d61772